Statistics for Click the Movie Title Ending #9

Click here to take the quiz!

General Stats

  • This quiz has been taken 5,940 times
  • The average score is 17 of 24

Answer Stats

HintAnswer% Correct
HotelTransylvania
94%
Hail,Caesar!
90%
NottingHill
90%
JeepersCreepers
89%
AmericanPsycho
86%
WeddingCrashers
85%
FreeWilly
84%
JohnWick
83%
DueDate
82%
SisterAct
81%
HorribleBosses
80%
CentralIntelligence
79%
UrbanLegend
74%
AnnieHall
72%
JudgeDredd
67%
MajorLeague
67%
SpringBreakers
66%
BadSanta
66%
DoubleJeopardy
64%
BarryLyndon
60%
RedSparrow
60%
SlingBlade
56%
PremiumRush
36%
BloodSimple
17%

Score Distribution

Percentile by Number Answered

Percent of People with Each Score

Your Score History

You have not taken this quiz